Μουσική : στοιχεία θεωρίας, αρμονίας, μορφολογίας, οργανογνωσίας και ιστορίας της μουσικής
Αποθηκεύτηκε σε:
| Κύριος συγγραφέας: | |
|---|---|
| Μορφή: | Βιβλίο |
| Γλώσσα: | Greek |
| Δημοσίευση: |
[Αθήνα] :
[χ.ό.],
[1978;].
|
| Θέματα: | |
| Ετικέτες: |
Προσθήκη ετικέτας
Δεν υπάρχουν, Καταχωρήστε ετικέτα πρώτοι!
|
MARC
| LEADER | 00000cam a2200000 i 4500 | ||
|---|---|---|---|
| 001 | 1/28684 | ||
| 008 | 060504q19781988gr | ||| |||| ||gre|| | ||
| 035 | |l 10083715 | ||
| 040 | |a GR-MyUa |b gre |e AACR2 | ||
| 041 | 0 | |a gre | |
| 082 | 7 | |a 792.0226 |2 (22) | |
| 100 | 1 | |a Ιωαννίδης, Γιάννης Στ., |d 1930- | |
| 245 | 1 | 0 | |a Μουσική : |b στοιχεία θεωρίας, αρμονίας, μορφολογίας, οργανογνωσίας και ιστορίας της μουσικής / |c Γιάννη Ιωαννίδη. |
| 260 | |a [Αθήνα] : |b [χ.ό.], |c [1978;]. | ||
| 300 | |a 113 σ. ; |c 24 εκ. | ||
| 500 | |a Με: Θεατρικές σχολικές παραστάσεις: για όλες τις σχολικές γιορτές / Βασ. Γ. Χαρωνίτη. - Τα πρώτα μου τραγούδια: ανθολογία παιδικών τραγουδιών 318 τραγούδια - χοροί - ρυθμικά / Αγγελικής Καψάσκη - Λάμπρου. - Σχολική μουσική: νέον σύστημα διδασκαλίας: "η αυτενέργεια στη μουσική" σχολικά τραγούδια / Απ. Χ. Ζυγούρης. - Σχολικά τραγούδια: μελωδικαί ασκήσεις / Αποστ. Ζυγούρη. - Μουσική: θεωρία - σολφέζ - τραγούδια / Θάνου Ερμηλίου | ||
| 500 | |a Το βιβλίο που διαθέτει το Παράρτημα Σάμου δεν είναι συσταχωμένο. | ||
| 650 | 0 | 0 | |a Music. |
| 650 | 0 | 0 | |a Music theory. |
| 650 | 0 | 0 | |a Harmony. |
| 852 | |a INST |b RHODES |c KRI |e 20060504 |h 792.0226 ΧΑΡ |p 005400020918 |q 005400020918 |t BK |y 0 | ||
| 852 | |a INST |b SAMOS |e 20190704 |h 780 ΙΩΑ |p 005300046064 |q 005300046064 |t BK |y 0 | ||
| 901 | |a BIBL4-2006-2 | ||
| 970 | |a ΚΟΖΑ |b ΜΑΡΙΑ |z 2006/05/04 | ||